Zvyšovanie bezpečnosti na cestách pre nemotorové dopravné prostriedky

Salvato in:
Dettagli Bibliografici
Autore principale: Rucek, Lukáš (Autore)
Altri autori: Bencel, Rastislav (Relatore della tesi)
Natura: Manoscritto Libro
Lingua:slovacco
Pubblicazione: 2023
Soggetti:
Accesso online:http://is.stuba.sk/zp/portal_zp.pl?podrobnosti=155138
Tags: Aggiungi Tag
Nessun Tag, puoi essere il primo ad aggiungerne!!

MARC

LEADER 00000ntm a22000003a 4500
001 stuzp92492
003 SK-STU
005 20230909213336.5
007 ta
008 150427s2015----xo-----f-mn---000-0-slo-d
040 |a STU  |b slo 
041 0 |a slo 
100 1 |a Rucek, Lukáš  |u 070400  |4 aut  |U FIIT Fakulta informatiky a informačných technológií  |T FIIT Ústav počítačového inžinierstva a aplikovanej informatiky  |X 103109  |U I400  |Y 672  |7 103109 
242 0 1 |a Increasing road safety for non-motor vehicles  |y eng 
245 1 0 |a Zvyšovanie bezpečnosti na cestách pre nemotorové dopravné prostriedky 
260 |c 2023 
650 4 |a Internet vecí  |2 slo 
650 4 |a mobilná aplikácia  |2 slo 
650 4 |a IoT zariadenie  |2 slo 
650 4 |a zabezpečenie  |2 slo 
650 4 |a nemotorové vozidlo  |2 slo 
650 4 |a Firebase Real-Time databáza  |2 slo 
650 4 |a Firebase Cloud funkcie  |2 slo 
650 4 |a Internet of Things  |2 eng 
650 4 |a mobile application  |2 eng 
650 4 |a IoT device  |2 eng 
650 4 |a security  |2 eng 
650 4 |a non-motorized vehicle  |2 eng 
650 4 |a Firebase Real-time database  |2 eng 
650 4 |a Firebase Cloud functions  |2 eng 
700 1 |a Bencel, Rastislav  |u 070400  |k Z1  |4 ths  |U FIIT Fakulta informatiky a informačných technológií  |T FIIT Ústav počítačového inžinierstva a aplikovanej informatiky  |X 64492  |U I400  |Y 672  |7 64492 
856 4 |u http://is.stuba.sk/zp/portal_zp.pl?podrobnosti=155138